000 01432cam a2200265 4500
001 ABS64467
008 011003n2001 000 0 eng u
035 _a(Sirsi) u114978
100 _aCannon, J.
245 _aState of the industry
260 _c2001
490 _aBuilding
_v266(8203) 28 September 2001, 66-70(5)
520 _aDiscusses the DTI's figures for the construction industry for 2Q 2001. These reveal that the industry's output rose 1.3% compared with 1Q 2001. Private commercial work fell 8% over the summer, but there was a steep rise in public sector work. For instance, public non-housing work rose 17% and public housing new work gained 13%. Looks at the picture in the English regions. Also considers the DTI's figures for construction orders in 2Q 2001, which were steeply down. Notes that this drop would have been even more severe had it not been for a sharp rise in the procurement of hospitals and schools. Finally, provides details of, and discusses, the DTLR's planning figures for 1Q 2001. While planning applications have risen, there has been a drop in the number of approvals. Tables and graphs.
590 _aABS
650 _aDTI
650 _aCONSTRUCTION INDUSTRY
650 _aOUTPUT
650 _aNEW WORK
650 _aREPAIR AND MAINTENANCE
650 _aCONSTRUCTION ORDERS
650 _aPLANNING
650 _aDTLR
690 _aBUILT ENVIRONMENT
942 _n0
999 _c68461
_d68461